| 000 | 00554nam a2200181 i 4500 | ||
|---|---|---|---|
| 001 | 129260 | ||
| 003 | ES-MaACL | ||
| 007 | t| | ||
| 008 | 070611s1983 sp ||||1| spa d | ||
| 245 | 0 | 0 | _aTemas de psicologĂa. |
| 260 |
_aSalamanca : _bUniversidad Pontificia, _c1983. |
||
| 300 |
_a403 p., 1 tab. pleg. ; _c24 cm. |
||
| 490 | 1 | _aBibliotheca Salamanticensis. Estudios 59 | |
| 710 | 2 |
_aUniversidad Pontificia. _97446 |
|
| 830 | 0 |
_aBibliotheca Salamanticensis. Estudios 59 _9219331 |
|
| 852 |
_aES-MaACL _jL-5473 _bR.105915 |
||
| 999 |
_c129260 _d129260 |
||